000
00325 a2200157 4500
001
185521
020
_a
85-08-02975-6
040
_c
Magnum
100
_a
Rey, Marcos
240
1
0
_a
Garra de campeão
_l
por
245
1
0
_a
Garra de campeão
300
_a
440
1
_a
Ática
697
_a
LITERATURA JUVENIL
942
_c
BK
999
_c
185521
_d
185521